О прогнозировании содержания парафина и смолисто-асфальтеновых веществ в нефтях; Известия Томского политехнического института [Известия ТПИ]; Т. 300 : Органическая химия

Մատենագիտական մանրամասներ
Parent link:Известия Томского политехнического института [Известия ТПИ]/ Томский политехнический институт (ТПИ).— , 1944-1976
Т. 300 : Органическая химия.— 1977.— [С. 86-88]
Հիմնական հեղինակ: Благополучная Г. Г.
Այլ հեղինակներ: Федоров А. Ф.
Ամփոփում:Заглавие с титульного листа
Электронная версия печатной публикации
Определены возможности прогнозирования содержания парафина и смолисто-асфальтовых веществ по удельному весу, молекулярной массе, вязкости, коксуемости, температуре застывания, содержанию общей серы и выходу фракций до 200 и до 300 градусов.
Լեզու:ռուսերեն
Հրապարակվել է: 1977
Խորագրեր:
Առցանց հասանելիություն:Черно-белая версия для предварительного просмотра
Цветная версия без потери качества
Ձևաչափ: Էլեկտրոնային Գրքի գլուխ
KOHA link:https://koha.lib.tpu.ru/cgi-bin/koha/opac-detail.pl?biblionumber=240693

MARC

LEADER 00000nla2a2200000 4500
001 240693
005 20231031205752.0
035 |a (RuTPU)RU\TPU\book\261951 
035 |a RU\TPU\book\261950 
090 |a 240693 
100 |a 20130624d1977 k y0rusy50 ca 
101 0 |a rus 
102 |a RU 
135 |a drnn ---uucaa 
181 0 |a i  
182 0 |a b 
200 1 |a О прогнозировании содержания парафина и смолисто-асфальтеновых веществ в нефтях  |b Электронный ресурс  |f Г. Г. Благополучная, А. Ф. Федоров 
203 |a Текст  |c электронный 
215 |a 2 файла (144 Кб, 6.8 Мб) 
230 |a Электронные текстовые данные (2 файла : 144 Кб, 6.8 Мб) 
300 |a Заглавие с титульного листа 
300 |a Электронная версия печатной публикации 
320 |a [Библиогр.: с. 88 (8 назв.)] 
330 |a Определены возможности прогнозирования содержания парафина и смолисто-асфальтовых веществ по удельному весу, молекулярной массе, вязкости, коксуемости, температуре застывания, содержанию общей серы и выходу фракций до 200 и до 300 градусов. 
337 |a Adobe Reader 
461 1 |0 (RuTPU)RU\TPU\book\200995  |t Известия Томского политехнического института [Известия ТПИ]  |f Томский политехнический институт (ТПИ)  |d 1944-1976 
463 1 |0 (RuTPU)RU\TPU\book\261858  |t Т. 300 : Органическая химия  |v [С. 86-88]  |d 1977  |p 150 с. 
610 1 |a электронный ресурс 
610 1 |a труды учёных ТПУ 
675 |a 665.63.001  |v 3 
675 |a 661.715.322  |v 3 
700 1 |a Благополучная  |b Г. Г. 
701 1 |a Федоров  |b А. Ф. 
801 1 |a RU  |b 63413507  |c 20090320  |g PSBO 
801 2 |a RU  |b 63413507  |c 20130704  |g PSBO 
856 4 |u http://www.lib.tpu.ru/fulltext/v/Bulletin_TPU/1977/v300/23_bw.pdf  |z Черно-белая версия для предварительного просмотра 
856 4 |u http://www.lib.tpu.ru/fulltext/v/Bulletin_TPU/1977/v300/23_full.pdf  |z Цветная версия без потери качества 
942 |c CF